Whistlers and related ionospheric phenomena /

Bibliographic Details
Main Author: Helliwell, Robert A.
Format: Book
Language:English
Published: Stanford, Calif. : Stanford University Press, 1965.
Subjects:

MARC

Tag First Indicator Second Indicator Subfields
LEADER 00000cam a2200000 4500
001 in00000040713
005 20151007064630.0
008 741115s1965 cau b 00000 eng u
010 |a  63014128  
035 |a (OCoLC)01076964 
035 |9 AAE0269AM 
040 |c DRB  |d TXA  |d UtOrBLW 
049 |a TXAM  |c [455122] 
050 0 |a QC973  |b .H4 
092 |a 537.53  |b H477w, 1965 
100 1 |a Helliwell, Robert A. 
245 1 0 |a Whistlers and related ionospheric phenomena /  |c [by] Robert A. Helliwell. 
264 1 |a Stanford, Calif. :  |b Stanford University Press,  |c 1965. 
300 |a  viii, 349p :  |b illustrations ;  |c 26 cm. 
336 |a text  |b txt  |2 rdacontent 
337 |a unmediated  |b n  |2 rdamedia 
338 |a volume  |b nc  |2 rdacarrier 
504 |a Bibliography: pages 323-343. 
650 0 |a Whistlers (Radio meteorology) 
999 |a MARS 
999 f f |s 28f73f3f-9226-3d93-8373-707ec94713d6  |i ab5a9edd-da51-3ebe-b079-47fa07b1ba1a  |t 0 
952 f f |p normal  |a Texas A&M University  |b College Station  |c Sterling C. Evans Library  |d Evans: Library Stacks  |t 0  |e QC973 .H4  |h Library of Congress classification  |i unmediated -- volume  |m A14800924112 
998 f f |a QC973 .H4  |t 0  |l Evans: Library Stacks